000 00308nam a22001457a 4500
008 180813b xxu||||| |||| 00| 0 eng d
020 _a9780538423298
041 _aeng
080 _a94
082 _a94
100 _a16
101 _aHIS
245 _aWorld History
_cSpielvogel,J.J
942 _2udc
_cBK
999 _c47049
_d47049